Movies Quiz

Random Movies or Role Quiz

Actors Aged Through Makeup Quiz Stats

 Plays Quiz Updated Apr 7, 2019

Score 0/15 Timer 05:00
3 Plays Today
% Correct
Brad Pitt
93.9%
Michael J. Fox
85.1%
Leonardo DiCaprio
80%
Robin Williams
79.2%
Al Pacino
70.5%
Helena Bonham Carter
66.4%
Russell Crowe
64.9%
Winona Ryder
54.2%
% Correct
Bette Midler
53.8%
Orson Welles
52.8%
Eddie Murphy
47%
James Dean
45.5%
Linda Hamilton
43.2%
Tilda Swinton
33.4%
Guy Pearce
15.5%

You're not logged in!

Compare scores with friends on all Sporcle quizzes.
OR
Log In

Sporcle TV

Today on Sporcle TV


Watch our educational content, quiz creation guides, and fun videos on Sporcle TV.

Show Comments

Extras

Top Quizzes Today


Score Distribution

Your Account Isn't Verified!

In order to create a playlist on Sporcle, you need to verify the email address you used during registration. Go to your Sporcle Settings to finish the process.

Report this User

Report this user for behavior that violates our Community Guidelines.

Details: